Представление документа в формате RUSMARC

ПолеНазваниеЗначение
  Тип записи a
  Библиографический уровень m
001 Контрольный номер 34ba43b337df4465a3399c79335d91c0
005 Дата корректировки 20140721134145.2
010 Индекс ISBN __
a ISBN 5-7990-0206-7
200 Заглавие и сведения об ответственности 1_
a Заглавие Антикризисное управление
e Сведения, относящиеся к заглавию Учеб. пособие для техн. вузов
f Первые сведения об ответственности В.Г.Крыжановский,В.И.Лапенков,В.И.Лютер и др.;Под ред.Э.С.Минаева,В.П.Панагушина;Моск.гос.авиац.ин-т(техн.ун-т)
210 Выходные данные 1_
c Издательство ПРИОР
a Место издания М.
d Дата издания 1999
215 Физическое описание __
a Объем 430 с.
610 Ключевые слова 0_
a Ключевые слова антикризисное управление
686 Индексы других классификаций __
a Классификационный индекс 65.050
2 Код системы rubbk
686 Индексы других классификаций __
a Классификационный индекс 65.050.9(2)я73
2 Код системы rubbk
801 Источник записи _0
a Страна RU
b Организация РУК
c Дата составления 20030128
g Правила каталогизации PSBO
801 Источник записи _1
a Страна RU
b Организация РУК
c Дата составления 20030128
g Правила каталогизации PSBO
852 Данные о местонахождении __
i Авторский знак А 72
j Шифр хранения ББК 65.050
901 Тип документа __
t Тип документа m
938 Служебная информация __
a Название организации Головной вуз
b Имя БД BOOK
c Название АИБС АИБС ИРБИС